01359nam a2200349 i 450000100060000000300090000600500170001500800390003201500170007103500210008804000410010904100130015004600090016308000110017210000480018324501280023124601130035926000560047230000430052833600270057133700540059833800280065238000170068038800140069750400400071165800340075165800300078565000230081570000320083871000410087085600980091113570KOSZ 00520190723125630.0190622s1971 pl a f 000 0 pol aPB 1971/5751 a(OCoLC)838989912 aWA NcWA NdKOSZ 005/KKdKOSZ 005/RW1 apolhrus k1969 a658.011 aSluckij, Georgij Vâčeslavovič.eAutor10aMetodologiczne zagadnienia naukowej organizacji pracy w przedsiębiorstwie /cG. Słucki ; [tłumaczenie Marek Sitkowski].1 iTytuł oryginału:aMetodičeskie voprosy naučnoj organizacii truda na mašinostroitel'nom predprijatii. aWarszawa :bPaństwowe Wydawnictwo Naukowe,c1971. a181, [2] stron :bilustracje ;c18 cm. aTekstbtxt2rdacontent aBez urządzenia pośredniczącegobn2rdamedia aWoluminbnc2rdacarrier aKsiążki. a1901-2000 aBibliografia na stronach 181-[182]. aGospodarka, ekonomia, finanse aZarządzanie i marketing 4aPrzedsiębiorstwo1 aSitkowski, Marek.eTłumacz2 aPaństwowe Wydawnictwo Naukowe4pbl uhttp://koha.tu.koszalin.pl/cgi-bin/koha/opac-detail.pl?biblionumber=13570yKatalog online BPK